000 01387nam a2200229Ia 4500
001 21894
003 GE_BSU
008 181216s||||||||xx |||||||||||||| ||und||
040 _cGE_BSU
245 _aბიზნესი და მენეჯმენტი №4(52)2017
245 _bჟურნალი ბიზნესისა და მართვის ხელოვნების შესახებ
245 _cმთ.რედ: თემურ იობაშვილი
260 _aთბილისი
260 _c2017
300 _a60გვ. 30სმ. ილ.
653 _aბიზნესი და მენეჯმენტი №4(52)2017
653 _aეკონომიკა,ბიზნესი
653 _aპერიოდიკა
653 _aჟურნალი ბიზნესისა და მართვის ხელოვნების შესახებ
653 _aსამეწარმეო მენეჯმენტი,სახელმწიფო მართვა,გეოეკონომიკა,რეიტინგები,ბიზნეს-ისტორიები,რეკლამა და მარკეტინგი,ტრანსპორტი და ენერგეტიკა,ბიზნესი და მენეჯერები.
942 _cCR
999 _c54825
_d54825